000
00306nam a22001457a 4500
008
230912b ||||| |||| 00| 0 eng d
020
_a
0856488097
041
_a
eng
080
_a
521
082
_a
521BRO
100
_a
19
101
_a
ASTRO
245
_a
ORIGINS OF LIFE
_c
BROOKS .J
942
_2
udc
_c
BK
999
_c
60350
_d
60350